Test Match Cricket Record Batsman & Bowlers - Statistics

General Stats
  • This quiz has been taken 21,640 times
    8,798 since last reset
  • The average score is 22 of 40
Answer Stats
Runs/Wickets Country Answer % Correct
15,921 India Sachin Tendulkar
92%
708 Australia Shane Warne
87%
13,378 Australia Ricky Ponting
84%
704 England James Anderson
81%
11,953 West Indies Brian Lara
76%
10,271 Australia Steve Smith
76%
12,472 England Alastair Cook
75%
604 England Stuart Broad
75%
12,972 England Joe Root
74%
800 Sri Lanka Muttiah Muralitharan
74%
13,289 South Africa Jacques Kallis
72%
9,265 South Africa Graeme Smith
71%
12,400 Sri Lanka Kumar Sangakkara
68%
13,288 India Rahul Dravid
68%
563 Australia Glenn McGrath
67%
619 India Anil Kumble
61%
434 India Kapil Dev
57%
537 India Ravichandran Ashwin
54%
10,099 Pakistan Younis Khan
54%
439 South Africa Dale Steyn
53%
10,927 Australia Steve Waugh
52%
11,814 Sri Lanka Mahela Jayawardene
51%
405 West Indies Curtly Ambrose
48%
11,867 West Indies Shivnarine Chanderpaul
47%
10,122 India Sunil Gavaskar
47%
414 Pakistan Wasim Akram
47%
553 Australia Nathan Lyon
46%
11,174 Australia Allan Border
44%
519 West Indies Courtney Walsh
44%
383 England Ian Botham
43%
9,230 India Virat Kohli
41%
9,282 South Africa Hashim Amla
40%
417 India Harbhajan Singh
39%
431 New Zealand Richard Hadlee
39%
421 South Africa Shaun Pollock
39%
8,900 England Graham Gooch
36%
9,276 New Zealand Kane Williamson
35%
391 New Zealand Tim Southee
35%
433 Sri Lanka Rangana Herath
29%
390 South Africa Makhaya Ntini
25%
No matching quizzes found
Score Distribution
Percent of People with Each Score
Percentile by Number Answered
Your Score History
You have not taken this quiz since the last reset